000 00879cam a22002652a 4500
001 18225
003 BD-RjUL
005 20211209000244.0
008 140220s1961 enk 000 0beng u
035 _a(BD-RjUL)18283
_aOCLC ocm07397758 from D950712M
040 _aIAZ
_dWSU
_dUKM
_dRCM
_dEQO
_beng
_cBD-RjUL
041 _aeng
082 0 0 _a821.7
_218
_bQUR 1961
100 1 _aDe Quincey, Thomas,
_d1785-1859.
_956098
245 1 0 _aReminiscences of the English Lake poets /
_cThomas De Quincey. Introduction and notes by John E. Jordan.
250 _a[Rev. ed.]
260 _aLondon :
_bJ.M. Dent & Sons, ltd ;
_aNew York :
_bE. P. Dutton & co., inc,
_c1961.
300 _axiii, 325 p. ;
_c19 cm
490 1 _aEveryman's library ;
_v163
650 0 _aLake poets
_956099
830 0 _v163
_956104
830 0 _aEveryman's library ;
_92810
942 _2ddc
_cBK
999 _c18225
_d18225